Produkcia komunálneho odpadu v krajinách Európskej únie
Tento príspevok sa zaoberá problematikou produkcie komunálneho odpadu v krajinách Európskej únie. Cieľom je analyzovať trendy v produkcii odpadu a porovnať situáciu v rôznych členských štátoch. V prvej časti príspevku popisujeme základné definície pojmov z problematiky odpadového hospodárstva. V dru...
Salvato in:
| Autore principale: | |
|---|---|
| Natura: | Capitolo di libro |
| Lingua: | slovacco |
| Soggetti: | |
| Tags: |
Nessun Tag, puoi essere il primo ad aggiungerne!!
|
MARC
| LEADER | 00000naa$a2200000$$$4500 | ||
|---|---|---|---|
| 001 | 0306491 | ||
| 005 | 20250124143823.4 | ||
| 041 | 0 | |a slo | |
| 044 | |a SK | ||
| 245 | 1 | 0 | |a Produkcia komunálneho odpadu v krajinách Európskej únie |c Pavol Kaľuha |
| 520 | |a Tento príspevok sa zaoberá problematikou produkcie komunálneho odpadu v krajinách Európskej únie. Cieľom je analyzovať trendy v produkcii odpadu a porovnať situáciu v rôznych členských štátoch. V prvej časti príspevku popisujeme základné definície pojmov z problematiky odpadového hospodárstva. V druhej časti sa venujeme produkcii komunálneho odpadu v krajinách Európskej únie v rokoch 2015 a 2020. Výsledkom je porovnanie vyprodukovaných hodnôt za jednotlivé roky a návrh opatrení, ktoré môžu dopomôcť k eliminácii tvorby komunálneho odpadu. | ||
| 610 | 2 | 0 | |a odpad komunálny |
| 610 | 2 | 0 | |a hospodárstvo odpadové |
| 610 | 2 | 0 | |a prostredie životné |
| 610 | 2 | 0 | |a Európska únia |
| 100 | 1 | |a Kaľuha, Pavol, 1998- | |